| 000 | 00449nam a2200157 i 4500 | ||
|---|---|---|---|
| 001 | bg | ||
| 100 | 1 |
_aArendarski, Jerzy _d(?-1986). |
|
| 245 | 0 |
_aTrwałość i niezawodność budynków mieszkalnych wznoszonych metodami uprzemysłowionymi / _cJerzy Arendarski. |
|
| 260 |
_aWarszawa : _bArkady, _c1978. |
||
| 650 | 9 | _aBudownictwo | |
| 040 | _cBPK | ||
| 041 | _apol | ||
| 080 | _a693:728 | ||
| 942 | _cKS | ||
| 008 | s pl f |000 0 pol | ||
| 999 |
_c9384 _d9384 |
||
| 856 |
_uhttp://koha.tu.koszalin.pl/cgi-bin/koha/opac-detail.pl?biblionumber=9384 _yKatalog online BPK |
||